Entrepreneurship / (Record no. 88118)

MARC details
000 -LEADER
fixed length control field 00823nam a22002777a 4500
005 - DATE AND TIME OF LATEST TRANSACTION
control field 20140902111027.0
010 ## - LCCN (DPL NO)
LC control number ENG-110687
020 ## - INTERNATIONAL STANDARD BOOK NUMBER
International Standard Book Number 9789339205386
Terms of availability 675.00
020 ## - INTERNATIONAL STANDARD BOOK NUMBER
International Standard Book Number 9339205383
Terms of availability 675.00
035 ## - SYSTEM CONTROL NUMBER
System control number EN-94219
037 ## - SOURCE OF ACQUISITION
Source of stock number/acquisition DBAD/PUB
082 ## - DEWEY DECIMAL CLASSIFICATION NUMBER
Classification number 658.421
245 ## - TITLE STATEMENT
Title Entrepreneurship /
Statement of responsibility, etc by Robert D. Hisrich...[et al]
250 ## - EDITION STATEMENT
Edition statement 9th ed
260 ## - PUBLICATION, DISTRIBUTION, ETC. (IMPRINT)
Place of publication, distribution, etc New Delhi
Name of publisher, distributor, etc McGraw Hill Education
Date of publication, distribution, etc 2014
270 ## - ADDRESS
Address P-24, Green Park Extn.
City New Delhi
Postal code 110016
300 ## - PHYSICAL DESCRIPTION
Extent xxvi,696p.
Dimensions 25cm(pbk)
500 ## - GENERAL NOTE
General note Includes index
650 ## - SUBJECT ADDED ENTRY--TOPICAL TERM
Topical term or geographic name as entry element New business enterprises.
650 ## - SUBJECT ADDED ENTRY--TOPICAL TERM
Topical term or geographic name as entry element Entrepreneurship.
650 ## - SUBJECT ADDED ENTRY--TOPICAL TERM
Topical term or geographic name as entry element Business planning.
650 ## - SUBJECT ADDED ENTRY--TOPICAL TERM
Topical term or geographic name as entry element Business enterprises
General subdivision Finance.
650 ## - SUBJECT ADDED ENTRY--TOPICAL TERM
Topical term or geographic name as entry element Success in business.
700 ## - ADDED ENTRY--PERSONAL NAME
Personal name Hisrich, Robert D.
942 ## - ADDED ENTRY ELEMENTS (KOHA)
Source of classification or shelving scheme Dewey Decimal Classification
Item type English Books
Call number suffix ENT
Classification part 658.421
Holdings
Withdrawn status Lost status Not for loan Collection code Home library Current library Date acquired Source of acquisition Cost, normal purchase price Full call number Barcode Copy number Cost, replacement price Koha item type
    Not For Loan Non-fiction D.B.Act.Division D.B.Act.Division 29/08/2014 DBAD/PUB 675.00 658.421 ENT EN-94219 1 675.00 English Books

© Delhi Public Library
Hit Counter
free hit counter